Zmení sa fungovanie európskych predajní ?

Hlboké zmeny v spotrebiteľskom správaní Európanov prehĺbené hospodárskou krízou silno zasahujú aj obchodníkov - či už tradičné predajne, alebo alternatívne spôsoby predaja. Spôsoby, ktorými sa snažia obchodníci v Európe prispôsobiť novému spotrebiteľskému správaniu. Čo je dôležité pri nakupovaní pre...

Descripción completa

Guardado en:
Detalles Bibliográficos
Autor principal: Košťál, Daniel
Formato: Capítulo de libro
Lenguaje:eslovaco
Materias:
Etiquetas: Agregar Etiqueta
Sin Etiquetas, Sea el primero en etiquetar este registro!

MARC

LEADER 00000naa$a2200000$$$4500
001 0112815
005 20231128094553.4
041 0 |a slo 
044 |a SK 
245 1 0 |a Zmení sa fungovanie európskych predajní ?  |c Daniel Košťál 
520 |a Hlboké zmeny v spotrebiteľskom správaní Európanov prehĺbené hospodárskou krízou silno zasahujú aj obchodníkov - či už tradičné predajne, alebo alternatívne spôsoby predaja. Spôsoby, ktorými sa snažia obchodníci v Európe prispôsobiť novému spotrebiteľskému správaniu. Čo je dôležité pri nakupovaní pre európskych zákazníkov. 
610 2 0 |a obchod 
610 2 0 |a správanie spotrebiteľa 
610 2 0 |a kríza hospodárska 
610 2 0 |a nákup 
100 1 |a Košťál, Daniel